[Event "European Club Cup 2006"]
[Site "Fuegen AUT"]
[Date "2006.10.13"]
[Round "6.84"]
[White "Peschel, Andreas"]
[Black "Kovachev, Daniel"]
[Result "1-0"]
[WhiteElo "2155"]
[BlackElo "2132"]
[PlyCount "77"]
[EventDate "2006.10.08"]
[EventType "team"]
[EventRounds "7"]
[EventCountry "AUT"]
[Source "lmi"]
[SourceDate "2006.10.08"]

1. d4 Nf6 2. Nf3 e6 3. g3 Be7 4. Bg2 O-O 5. c4 d5 6. O-O dxc4 7. Qc2 a6 8. Qxc4
b5 9. Qc2 Bb7 10. Bg5 Nbd7 11. Rc1 Rc8 12. a4 c5 13. axb5 cxd4 14. Qa4 Rxc1+
15. Bxc1 Nc5 16. Qd1 axb5 17. Bd2 Bxf3 18. Bxf3 e5 19. Bg5 e4 20. Bg2 Qd5 21.
Bxf6 Bxf6 22. Nd2 Bd8 23. b4 Na4 24. Bxe4 Qd6 25. Bd3 Qxb4 26. Rb1 Qe7 27. Qc2
Nc3 28. Re1 g6 29. Nf3 Qc5 30. Qd2 Bf6 31. Qf4 Kg7 32. h4 h6 33. Nd2 b4 34. Nb3
Qd5 35. Nd2 Rc8 36. Qg4 h5 37. Qxc8 b3 38. Bc4 Qf5 39. Qxf5 1-0

[Event "European Club Cup 2006"]
[Site "Fuegen AUT"]
[Date "2006.10.13"]
[Round "6.86"]
[White "Boros, Denes"]
[Black "Tweedie, Steven"]
[Result "1-0"]
[WhiteElo "2465"]
[BlackElo "2239"]
[PlyCount "55"]
[EventDate "2006.10.08"]
[EventType "team"]
[EventRounds "7"]
[EventCountry "AUT"]
[Source "lmi"]
[SourceDate "2006.10.08"]

1. e4 e5 2. Nf3 Nc6 3. Bb5 a6 4. Ba4 Nf6 5. O-O b5 6. Bb3 Bc5 7. c3 d6 8. a4
Rb8 9. d4 Bb6 10. Na3 O-O 11. axb5 axb5 12. Nxb5 Bg4 13. Bc2 Re8 14. d5 Ne7 15.
h3 Bh5 16. Bg5 Nd7 17. g4 Bg6 18. Na3 f6 19. Bh4 c6 20. dxc6 Nc5 21. Re1 d5 22.
exd5 Bxc2 23. Nxc2 Nxd5 24. Rxe5 Rxe5 25. Nxe5 Nf4 26. Qxd8+ Bxd8 27. Nc4 Bc7
28. Nd4 1-0

[Event "European Club Cup 2006"]
[Site "Fuegen AUT"]
[Date "2006.10.13"]
[Round "6.88"]
[White "Csiszar, Csaba"]
[Black "Purton, Ben"]
[Result "1-0"]
[WhiteElo "2440"]
[BlackElo "2091"]
[PlyCount "53"]
[EventDate "2006.10.08"]
[EventType "team"]
[EventRounds "7"]
[EventCountry "AUT"]
[Source "lmi"]
[SourceDate "2006.10.08"]

1. d4 d6 2. Nf3 f5 3. g3 Nf6 4. Bg2 g6 5. O-O Bg7 6. c3 O-O 7. Nbd2 c6 8. Re1
Qc7 9. Qb3+ Kh8 10. a4 e5 11. dxe5 dxe5 12. e4 Nxe4 13. Nxe4 fxe4 14. Ng5 Na6
15. Be3 Qe7 16. Qc4 h6 17. Nxe4 Be6 18. Qe2 Rfd8 19. b4 Qf7 20. Red1 Bc4 21.
Qg4 Rxd1+ 22. Rxd1 h5 23. Qd7 Qxd7 24. Rxd7 b6 25. Bg5 Bd5 26. Bf6 Rg8 27. Ng5
1-0

[Event "European Club Cup 2006"]
[Site "Fuegen AUT"]
[Date "2006.10.13"]
[Round "6.89"]
[White "Armstrong, Malcolm"]
[Black "Meszaros, Tamas"]
[Result "0-1"]
[WhiteElo "2101"]
[BlackElo "2352"]
[PlyCount "174"]
[EventDate "2006.10.08"]
[EventType "team"]
[EventRounds "7"]
[EventCountry "AUT"]
[Source "lmi"]
[SourceDate "2006.10.08"]

1. d4 Nf6 2. Nf3 e6 3. e3 c5 4. Bd3 b6 5. Nbd2 cxd4 6. exd4 Bb7 7. O-O Be7 8.
Re1 O-O 9. c3 d6 10. Qe2 h6 11. Ne4 Nbd7 12. h3 Re8 13. Bf4 Qc7 14. Rad1 a6 15.
Bg3 b5 16. Bb1 Nxe4 17. Bxe4 Bxe4 18. Qxe4 Nf6 19. Qd3 Qb7 20. Nd2 Rac8 21. a3
a5 22. f3 d5 23. Ra1 Rc6 24. Nb3 Qb6 25. Rec1 Nd7 26. Be1 Ne5 27. Qe2 Nc4 28.
Rc2 Rec8 29. Nc1 b4 30. axb4 axb4 31. Nd3 R6c7 32. Rcc1 b3 33. Bf2 Ra7 34. Qd1
Rca8 35. Rxa7 Rxa7 36. Ra1 Ra2 37. Rb1 Qb5 38. Nc1 Rxb2 39. Rxb2 Nxb2 40. Qxb3
Qxb3 41. Nxb3 Na4 42. Be1 Ba3 43. Kf1 Bb2 44. Ke2 Bxc3 45. Bg3 Bb4 46. Nc1 f6
47. Ke3 Kf7 48. Ne2 Nb2 49. Nc1 Ba3 50. Ne2 Ke7 51. Nc3 Bb4 52. Ne2 Kd7 53. Nc1
Ba3 54. Ne2 Kc6 55. Be1 Bd6 56. Bc3 Nc4+ 57. Kd3 Kd7 58. Nc1 Ke7 59. Nb3 Kf7
60. Nc1 h5 61. Be1 g5 62. g4 h4 63. Nb3 Bf4 64. Bb4 Ne3 65. Ke2 e5 66. Bc3 Nc4
67. Nc5 Be3 68. Nb3 Ke6 69. Kd3 Bf4 70. Na5 Ne3 71. Nb3 Nd1 72. Be1 Bg3 73. Ke2
Bxe1 74. Kxe1 Ne3 75. Kf2 Nc2 76. dxe5 fxe5 77. Nc5+ Kd6 78. Nb7+ Kc7 79. Nc5
Nd4 80. Ke3 Kc6 81. Nd3 Kd6 82. Kf2 Ne6 83. Ke3 Nf4 84. Nf2 Kc5 85. Nd3+ Nxd3
86. Kxd3 Kb4 87. Ke3 Kc3 0-1

[Event "European Club Cup 2006"]
[Site "Fuegen AUT"]
[Date "2006.10.13"]
[Round "6.90"]
[White "Csiszar, Zoltan"]
[Black "Edgell, Ben P"]
[Result "1/2-1/2"]
[WhiteElo "2304"]
[BlackElo "2012"]
[PlyCount "83"]
[EventDate "2006.10.08"]
[EventType "team"]
[EventRounds "7"]
[EventCountry "AUT"]
[Source "lmi"]
[SourceDate "2006.10.08"]

1. d4 Nf6 2. c4 e6 3. Nc3 Bb4 4. Qc2 O-O 5. a3 Bxc3+ 6. Qxc3 b6 7. Bg5 Bb7 8.
e3 h6 9. Bh4 d6 10. f3 Nbd7 11. Bd3 c5 12. Ne2 Rc8 13. Qd2 cxd4 14. exd4 d5 15.
cxd5 exd5 16. O-O Re8 17. Ng3 Rc6 18. Nf5 Rce6 19. Rac1 Bc6 20. Rc2 Nf8 21.
Rfc1 Bd7 22. Rc7 Ng6 23. Bf2 a5 24. Ng3 Ne7 25. R7c2 Ba4 26. Rc3 Rc6 27. Ne2
Qd7 28. Bh4 Rxc3 29. Nxc3 Nh7 30. Re1 Bc6 31. Qe2 f6 32. Bg3 Nf8 33. Bb5 Kf7
34. Bd3 Nc8 35. Qd2 Rxe1+ 36. Qxe1 Nd6 37. Qe2 Ne6 38. Qe3 Nc4 39. Bxc4 dxc4
40. d5 Bxd5 41. Qxb6 a4 42. Qd6 1/2-1/2

[Event "European Club Cup 2006"]
[Site "Fuegen AUT"]
[Date "2006.10.13"]
[Round "6.91"]
[White "Bezold, Michael"]
[Black "Kiik, Kalle"]
[Result "0-1"]
[WhiteElo "2535"]
[BlackElo "2444"]
[PlyCount "92"]
[EventDate "2006.10.08"]
[EventType "team"]
[EventRounds "7"]
[EventCountry "AUT"]
[Source "lmi"]
[SourceDate "2006.10.08"]

1. g3 e5 2. Bg2 Nf6 3. d3 Bc5 4. a3 a5 5. b3 O-O 6. e3 d5 7. Ne2 Qe7 8. Bb2 c6
9. Nd2 Nbd7 10. h3 Re8 11. g4 d4 12. e4 Nf8 13. Bc1 Ng6 14. Nf1 Nh4 15. Rg1 Nd7
16. Nfg3 Nf8 17. Nf5 Qd8 18. Bd2 Ne6 19. b4 axb4 20. axb4 Rxa1 21. Qxa1 Bf8 22.
c3 c5 23. bxc5 Nxc5 24. Nc1 dxc3 25. Qxc3 b6 26. Bh1 Ba6 27. Nxh4 Qxh4 28. Rg3
Qf6 29. Bg2 Rc8 30. Qa1 Qd6 31. Bf1 Bb7 32. Be2 Ne6 33. Bd1 b5 34. Nb3 b4 35.
g5 g6 36. h4 Ba6 37. Be2 Nf4 38. Bxf4 exf4 39. Rf3 Bg7 40. d4 Bb7 41. e5 Qc7
42. Rxf4 Bd5 43. Nc5 Bxe5 44. dxe5 Qxc5 45. Rd4 b3 46. Qd1 b2 0-1

[Event "European Club Cup 2006"]
[Site "Fuegen AUT"]
[Date "2006.10.13"]
[Round "6.93"]
[White "Novkovic, Milan"]
[Black "Volodin, Aleksandr"]
[Result "1/2-1/2"]
[WhiteElo "2417"]
[BlackElo "2339"]
[PlyCount "91"]
[EventDate "2006.10.08"]
[EventType "team"]
[EventRounds "7"]
[EventCountry "AUT"]
[Source "lmi"]
[SourceDate "2006.10.08"]

1. d4 Nf6 2. Nf3 c5 3. d5 b5 4. c4 g6 5. cxb5 a6 6. b6 d6 7. Nc3 Nbd7 8. e4 Bg7
9. h3 O-O 10. Be2 Nxb6 11. O-O a5 12. a4 e6 13. dxe6 Bxe6 14. Bf4 d5 15. e5
Nfd7 16. Bb5 Qc7 17. Re1 Qb7 18. Qd2 c4 19. Qe3 Rac8 20. Bh6 Nc5 21. Bxg7 Kxg7
22. Nd4 Nd3 23. Re2 Qe7 24. f4 Bd7 25. Bxd7 Nxd7 26. Nxd5 Qc5 27. Nc3 Rfd8 28.
Ne4 Qd5 29. Nd6 Rb8 30. b3 Rxb3 31. Nxb3 cxb3 32. Rd1 N7c5 33. Red2 Qc6 34.
Rxd3 Nxd3 35. Qxd3 b2 36. Qd2 Qb6+ 37. Kh2 b1=Q 38. Rxb1 Qxb1 39. Qxa5 Rf8 40.
Qc3 Kg8 41. Qc4 Qb6 42. Qe4 Qc5 43. Nb7 Qf2 44. Nd6 Qc5 45. Nb7 Qf2 46. Nd6
1/2-1/2

[Event "European Club Cup 2006"]
[Site "Fuegen AUT"]
[Date "2006.10.13"]
[Round "6.94"]
[White "Kosmo, Santul"]
[Black "Gaertner, Guntram"]
[Result "1/2-1/2"]
[WhiteElo "2280"]
[BlackElo "2331"]
[PlyCount "79"]
[EventDate "2006.10.08"]
[EventType "team"]
[EventRounds "7"]
[EventCountry "AUT"]
[Source "lmi"]
[SourceDate "2006.10.08"]

1. e4 c6 2. d4 d5 3. exd5 cxd5 4. c4 e6 5. Nc3 Nf6 6. Nf3 Bb4 7. Bd3 dxc4 8.
Bxc4 O-O 9. O-O b6 10. Qe2 Bb7 11. Rd1 Nbd7 12. Ne5 Bxc3 13. bxc3 Qc7 14. Nxd7
Qxd7 15. f3 Rac8 16. Bd2 Nd5 17. Rac1 Qc7 18. Bb3 Nf4 19. Qe3 Ng6 20. Be1 b5
21. Bc2 Bd5 22. Bb1 a6 23. Bg3 Qb6 24. Kh1 b4 25. h3 Rfd8 26. cxb4 Qxb4 27.
Rxc8 Rxc8 28. Rc1 Qb7 29. Kh2 Rc6 30. Rxc6 Qxc6 31. Qa3 h5 32. Bd3 h4 33. Bd6
Bxa2 34. Bxa6 Bc4 35. Bxc4 Qxc4 36. Qc5 Qd5 37. Kg1 Qa8 38. Kh2 Qd5 39. Kg1 Qa8
40. Kh2 1/2-1/2

[Event "European Club Cup 2006"]
[Site "Fuegen AUT"]
[Date "2006.10.13"]
[Round "6.95"]
[White "Grabher, Heinz"]
[Black "Lahtinen, Markku"]
[Result "0-1"]
[WhiteElo "2311"]
[BlackElo "2257"]
[PlyCount "106"]
[EventDate "2006.10.08"]
[EventType "team"]
[EventRounds "7"]
[EventCountry "AUT"]
[Source "lmi"]
[SourceDate "2006.10.08"]

1. e4 c5 2. Nf3 d6 3. d4 cxd4 4. Nxd4 Nf6 5. Nc3 g6 6. Be3 Bg7 7. f3 Nc6 8. Qd2
Bd7 9. O-O-O Rc8 10. h4 Ne5 11. g4 O-O 12. h5 Qa5 13. Nb3 Qc7 14. Be2 b5 15.
hxg6 b4 16. Nd5 Nxd5 17. exd5 fxg6 18. Bh6 Rf7 19. Bxg7 Rxg7 20. Nd4 a5 21. Kb1
Qb7 22. Qe3 a4 23. Qe4 a3 24. Ne6 Bxe6 25. dxe6 Qxe4 26. fxe4 g5 27. Rd4 Rb8
28. Rh3 Rg6 29. Rb3 Rf8 30. bxa3 Rf2 31. Bc4 bxa3 32. Rxa3 Kg7 33. Bb3 Nxg4 34.
Ra7 Kf6 35. Rxd6 Ne5 36. Rd8 Nc6 37. Rf8+ Ke5 38. Rxf2 Nxa7 39. Rf7 g4 40. Rxe7
g3 41. Rd7 Nc8 42. e7 Nxe7 43. Rxe7+ Kd6 44. Rxh7 g2 45. e5+ Kc6 46. e6 g1=Q+
47. Kb2 Qd4+ 48. Ka3 Qc5+ 49. Kb2 Qd4+ 50. Ka3 Rg7 51. Ba4+ Kd6 52. Rh3 Ra7 53.
Rd3 Rxa4+ 0-1

[Event "European Club Cup 2006"]
[Site "Fuegen AUT"]
[Date "2006.10.13"]
[Round "6.96"]
[White "Porrasmaa, Timo"]
[Black "Thoma, Robert"]
[Result "1/2-1/2"]
[WhiteElo "2210"]
[BlackElo "2363"]
[PlyCount "61"]
[EventDate "2006.10.08"]
[EventType "team"]
[EventRounds "7"]
[EventCountry "AUT"]
[Source "lmi"]
[SourceDate "2006.10.08"]

1. c4 c5 2. g3 g6 3. Bg2 Bg7 4. Nf3 Nc6 5. Nc3 e5 6. d3 Nge7 7. Bg5 h6 8. Bxe7
Nxe7 9. O-O O-O 10. Ne1 d6 11. Nc2 Be6 12. Ne3 Rb8 13. Rb1 f5 14. Ned5 Nxd5 15.
Nxd5 b5 16. cxb5 Rxb5 17. b4 cxb4 18. Nxb4 d5 19. Nc6 Rxb1 20. Qxb1 Qd7 21. Rc1
Rc8 22. Bxd5 Bxd5 23. Ne7+ Qxe7 24. Rxc8+ Kh7 25. a4 Qd7 26. Qc2 f4 27. Qc5 f3
28. exf3 Bxf3 29. Rc7 Qxd3 30. Rxg7+ Kxg7 31. Qe7+ 1/2-1/2

[Event "European Club Cup 2006"]
[Site "Fuegen AUT"]
[Date "2006.10.13"]
[Round "6.97"]
[White "Glek, Igor V"]
[Black "Wirig, Anthony"]
[Result "1/2-1/2"]
[WhiteElo "2538"]
[BlackElo "2439"]
[PlyCount "115"]
[EventDate "2006.10.08"]
[EventType "team"]
[EventRounds "7"]
[EventCountry "AUT"]
[Source "lmi"]
[SourceDate "2006.10.08"]

1. e4 c5 2. Nf3 e6 3. g3 d5 4. exd5 Qxd5 5. Nc3 Qd8 6. d4 Nf6 7. Be3 cxd4 8.
Qxd4 Qxd4 9. Nxd4 a6 10. Bg2 Ng4 11. O-O-O Nxe3 12. fxe3 Be7 13. Nb3 Ra7 14.
Ne4 O-O 15. Nd6 Rd8 16. Nc4 b5 17. Rxd8+ Bxd8 18. Rd1 Bg5 19. h4 Be7 20. Nd6
Rc7 21. Na5 Kf8 22. a3 Bxd6 23. Rxd6 Ke7 24. Rd3 e5 25. Ba8 Be6 26. b4 h6 27.
Kb2 g5 28. hxg5 hxg5 29. e4 Rc8 30. Bb7 Rc7 31. Rd2 Rd7 32. Re2 Kd8 33. Rh2 Kc7
34. Rh5 f6 35. Rh6 Rf7 36. Rh8 Re7 37. c4 bxc4 38. Kc3 f5 39. exf5 Bxf5 40. Bd5
Bd7 41. Be4 Nc6 42. Nxc4 Nd4 43. Ne3 Bc6 44. Bxc6 Kxc6 45. Kc4 Nf3 46. Rh6+ Kb7
47. Kd5 e4 48. Re6 Rxe6 49. Kxe6 a5 50. bxa5 Ka6 51. Kf5 Kxa5 52. Kxe4 Nh2 53.
Kf5 g4 54. Kf4 Ka4 55. Nc2 Kb3 56. Ke3 Nf1+ 57. Kf2 Nd2 58. Ne3 1/2-1/2

[Event "European Club Cup 2006"]
[Site "Fuegen AUT"]
[Date "2006.10.13"]
[Round "6.100"]
[White "Pucher, Olivier"]
[Black "Ahn, Martin"]
[Result "0-1"]
[WhiteElo "2306"]
[BlackElo "2312"]
[PlyCount "84"]
[EventDate "2006.10.08"]
[EventType "team"]
[EventRounds "7"]
[EventCountry "AUT"]
[Source "lmi"]
[SourceDate "2006.10.08"]

1. d4 f5 2. g3 Nf6 3. Bg2 e6 4. Nf3 Be7 5. O-O O-O 6. c4 d6 7. b3 Ne4 8. Bb2
Bf6 9. Nc3 Nxc3 10. Bxc3 Qe7 11. Re1 g5 12. e4 g4 13. Nd2 Qg7 14. e5 dxe5 15.
dxe5 Be7 16. b4 Nc6 17. b5 Nd8 18. Ba5 c5 19. Nb3 Nf7 20. Qe2 Ng5 21. Rad1 h5
22. Bc7 f4 23. Be4 fxg3 24. fxg3 Nh3+ 25. Kg2 Rf2+ 26. Qxf2 Nxf2 27. Kxf2 h4
28. Rd3 Qh6 29. Bd8 Qf8+ 30. Kg2 h3+ 31. Kg1 Bxd8 32. Rf1 Qe7 33. Rf4 Qg5 34.
Rd1 Rb8 35. Nd2 Be7 36. Nf1 Qxe5 37. Ne3 Bg5 38. Rxg4 Kh8 39. Nc2 b6 40. Ne1
Bb7 41. Nf3 Be3+ 42. Kf1 Qb2 0-1

[Event "European Club Cup 2006"]
[Site "Fuegen AUT"]
[Date "2006.10.13"]
[Round "6.101"]
[White "Marechal, Andy"]
[Black "Hisler, Thomas"]
[Result "1-0"]
[WhiteElo "2304"]
[BlackElo "2237"]
[PlyCount "139"]
[EventDate "2006.10.08"]
[EventType "team"]
[EventRounds "7"]
[EventCountry "AUT"]
[Source "lmi"]
[SourceDate "2006.10.08"]

1. e4 e5 2. Nf3 Nc6 3. d4 exd4 4. Nxd4 Nf6 5. Nc3 Bb4 6. Nxc6 bxc6 7. Bd3 d5 8.
exd5 cxd5 9. O-O O-O 10. Bg5 c6 11. Na4 Qd6 12. Qf3 Bg4 13. Qg3 Qxg3 14. hxg3
Nd7 15. c3 Bd6 16. Bf4 Ne5 17. Ba6 Bc8 18. Be2 Re8 19. Rfe1 f6 20. b4 Bf5 21.
a3 Re7 22. Be3 Rae8 23. Nc5 Ng4 24. Bxg4 Bxg4 25. Bd2 Re2 26. Nb3 Rxe1+ 27.
Rxe1 Rxe1+ 28. Bxe1 Kf7 29. f3 Bd7 30. g4 Kg6 31. Bd2 f5 32. gxf5+ Kxf5 33. Be3
a6 34. Kf2 h5 35. Bc5 Bc7 36. a4 g5 37. a5 h4 38. Be3 Be5 39. Bd4 Bg3+ 40. Ke2
g4 41. Nc5 Bc8 42. Nd3 Bf4 43. Be3 Bb8 44. Nf2 g3 45. Nd3 Bd6 46. Bb6 Be5 47.
Nxe5 Kxe5 48. Bc7+ Kf5 49. Bd8 h3 50. gxh3 Kg6 51. h4 Kh5 52. Kf1 Bh3+ 53. Kg1
Kg6 54. Bc7 g2 55. Bb6 Kh5 56. Bf2 Kg6 57. Kh2 Bf5 58. Kxg2 Bc2 59. Bg3 Kf5 60.
Kf2 Bd3 61. Ke3 Bf1 62. Bf4 Kg6 63. Bg5 Kf5 64. Kd4 Be2 65. Ke3 Bf1 66. Bd8 Kg6
67. Kd4 Kh5 68. Ke5 Kg6 69. f4 Bh3 70. f5+ 1-0

[Event "European Club Cup 2006"]
[Site "Fuegen AUT"]
[Date "2006.10.13"]
[Round "6.102"]
[White "Schartz, Alain"]
[Black "Huesmann, Thomas"]
[Result "1/2-1/2"]
[WhiteElo "2112"]
[BlackElo "2315"]
[PlyCount "100"]
[EventDate "2006.10.08"]
[EventType "team"]
[EventRounds "7"]
[EventCountry "AUT"]
[Source "lmi"]
[SourceDate "2006.10.08"]

1. e4 e5 2. Nf3 Nc6 3. Bc4 Nf6 4. d4 exd4 5. O-O Nxe4 6. Re1 d5 7. Bxd5 Qxd5 8.
Nc3 Qa5 9. Nxe4 Be6 10. Neg5 O-O-O 11. Nxe6 fxe6 12. Rxe6 Qd5 13. Qe2 Bd6 14.
Bg5 Rdf8 15. Qe4 Qxe4 16. Rxe4 Rf5 17. Rae1 Kd7 18. Bd2 Rhf8 19. R1e2 Rb5 20.
b3 Rd5 21. Bc1 Ra5 22. a4 Rd5 23. Bb2 Bc5 24. Rd2 Re8 25. Rg4 g6 26. h4 Kc8 27.
Kf1 Ne5 28. Nxe5 Rdxe5 29. g3 Re1+ 30. Kg2 R1e2 31. Rxe2 Rxe2 32. Bxd4 Rxc2 33.
Bxc5 Rxc5 34. Rf4 Rf5 35. Rxf5 gxf5 36. Kf3 Kd7 37. Kf4 Ke6 38. f3 a5 39. g4
fxg4 40. fxg4 Kf6 41. Ke4 Ke6 42. g5 c6 43. h5 b6 44. Kf4 b5 45. Ke4 bxa4 46.
bxa4 c5 47. g6 hxg6 48. hxg6 Kf6 49. Kd5 Kxg6 50. Kxc5 Kf7 1/2-1/2

[Event "European Club Cup 2006"]
[Site "Fuegen AUT"]
[Date "2006.10.13"]
[Round "6.103"]
[White "Maze, Sebastien"]
[Black "Bucinskas, Valdas"]
[Result "1-0"]
[WhiteElo "2510"]
[BlackElo "2336"]
[PlyCount "183"]
[EventDate "2006.10.08"]
[EventType "team"]
[EventRounds "7"]
[EventCountry "AUT"]
[Source "lmi"]
[SourceDate "2006.10.08"]

1. e4 c5 2. Nf3 e6 3. d4 cxd4 4. Nxd4 Qb6 5. Nb3 a6 6. Nc3 Nf6 7. Be3 Qc7 8.
Bd3 d6 9. O-O b5 10. a4 b4 11. Ne2 Bb7 12. Ng3 Nbd7 13. c4 Nc5 14. f3 a5 15.
Re1 Be7 16. Bf2 O-O-O 17. Nd4 Nfd7 18. Nb5 Qb6 19. Bc2 h5 20. Nf1 g5 21. Ne3
Ne5 22. Qd2 Rd7 23. b3 Bf6 24. Rad1 Rhd8 25. Nf1 Ng6 26. Be3 Nf4 27. Qf2 Be5
28. Rd2 Kb8 29. Red1 Rc8 30. Kh1 h4 31. h3 Ba6 32. Nd4 Rdd8 33. Nh2 Qc7 34. Ng4
f6 35. Ne2 Nxe2 36. Rxe2 Bc3 37. f4 Rf8 38. f5 e5 39. Qf3 Bb7 40. Nf2 Rg8 41.
Bd2 Bd4 42. Ng4 Qe7 43. Be1 Bb2 44. Bf2 Bc6 45. Ne3 Rcd8 46. Nd5 Qg7 47. Red2
Bxd5 48. Rxd5 Qc7 49. Be3 Bd4 50. Bxd4 exd4 51. R1xd4 Qe7 52. Bd1 Rge8 53. Qe3
Kc7 54. Bf3 Qf8 55. Rd1 Re5 56. Rxe5 dxe5 57. Rd5 Rxd5 58. cxd5 Nb7 59. Qa7 Qc5
60. Qa6 Qb6 61. Qc4+ Qc5 62. d6+ Kb6 63. Qf7 Qxd6 64. Qe8 Qc6 65. Qf8 Ka7 66.
Kh2 Nc5 67. Qf7+ Kb6 68. Be2 Qd6 69. Qe8 Qd7 70. Qb8+ Nb7 71. Qf8 Qd6 72. Qe8
Qc6 73. Qf8 Qxe4 74. Qxf6+ Kc5 75. Qe7+ Kd4 76. Bg4 Qf4+ 77. Kh1 Qc1+ 78. Kh2
Nc5 79. f6 Qf4+ 80. Kg1 Qc1+ 81. Kh2 Qf4+ 82. Kg1 Ne4 83. Qa7+ Kc3 84. f7 Kxb3
85. Bf3 Ng3 86. Bd1+ Kc3 87. Qc5+ Kd2 88. f8=Q Qxf8 89. Qxf8 Kxd1 90. Qd6+ Ke2
91. Qxe5+ Kd2 92. Qxa5 1-0

[Event "European Club Cup 2006"]
[Site "Fuegen AUT"]
[Date "2006.10.13"]
[Round "6.104"]
[White "Mickevicius, Juras"]
[Black "Eliet, Nicolas"]
[Result "0-1"]
[WhiteElo "2273"]
[BlackElo "2439"]
[PlyCount "106"]
[EventDate "2006.10.08"]
[EventType "team"]
[EventRounds "7"]
[EventCountry "AUT"]
[Source "lmi"]
[SourceDate "2006.10.08"]

1. d4 e6 2. c4 b6 3. Nc3 Bb7 4. Nf3 Bb4 5. Qb3 a5 6. a3 a4 7. Qc2 Bxc3+ 8. Qxc3
Nf6 9. g3 d6 10. Bg2 Nbd7 11. O-O O-O 12. Rd1 Ra5 13. Ne1 Bxg2 14. Nxg2 Qa8 15.
Qc2 Qc6 16. f3 e5 17. Bd2 Raa8 18. Be3 exd4 19. Rxd4 Rfe8 20. g4 Ne5 21. Rc1
Nfd7 22. Bf2 Nc5 23. Rcd1 Nb3 24. Re4 b5 25. g5 Na5 26. Ne3 Naxc4 27. Nxc4 Nxc4
28. Rh4 g6 29. Bd4 Ne5 30. Qd2 Qd5 31. f4 Nc6 32. Bf6 Qxd2 33. Rxd2 Re3 34. Kf2
Rae8 35. Rc2 Na5 36. Rxc7 Rxe2+ 37. Kf1 Re1+ 38. Kf2 R1e2+ 39. Kg1 Nc4 40. Rh3
Re1+ 41. Kf2 R8e2+ 42. Kg3 Nd2 43. Kg4 Re8 44. Rd3 Ne4 45. Bd4 Re2 46. Rb7 Rxh2
47. Rxb5 h5+ 48. gxh6 f5+ 49. Kf3 Rh3+ 50. Ke2 Nc3+ 51. Kf2 Nxb5 52. Rxh3 Nxd4
53. Rd3 Re4 0-1

[Event "European Club Cup 2006"]
[Site "Fuegen AUT"]
[Date "2006.10.13"]
[Round "6.105"]
[White "Laurent, Bruno"]
[Black "Zickus, Simonas"]
[Result "0-1"]
[WhiteElo "2400"]
[BlackElo "2260"]
[PlyCount "108"]
[EventDate "2006.10.08"]
[EventType "team"]
[EventRounds "7"]
[EventCountry "AUT"]
[Source "lmi"]
[SourceDate "2006.10.08"]

1. e4 d6 2. d4 Nf6 3. Nc3 g6 4. f4 Bg7 5. Nf3 c5 6. Bb5+ Bd7 7. e5 Ng4 8. Bxd7+
Qxd7 9. d5 dxe5 10. h3 e4 11. Nxe4 Nf6 12. Nxf6+ Bxf6 13. O-O O-O 14. Be3 Rd8
15. c4 e6 16. Ne5 Qe7 17. Qf3 Nd7 18. Ng4 Bg7 19. Rae1 exd5 20. cxd5 f5 21. Nf2
Qd6 22. Re2 Re8 23. Rd1 Re7 24. Bd2 Rxe2 25. Qxe2 Bxb2 26. Qb5 Bd4 27. Qxb7 Nb6
28. Rb1 Re8 29. Qc6 Qxc6 30. dxc6 Rc8 31. Rc1 Nd5 32. Kf1 Rxc6 33. Nd3 Kf7 34.
Ke2 Ke6 35. Ne1 Kd6 36. Kd3 Ra6 37. Rc2 Ra3+ 38. Ke2 Ra4 39. Nf3 Bf6 40. g3
Re4+ 41. Kd3 Ra4 42. Be1 Ra3+ 43. Ke2 a5 44. Nd2 Nc3+ 45. Kf1 Kd5 46. Nb3 Ne4
47. Kg2 Bd8 48. g4 Bb6 49. Nd2 Nxd2 50. Rxd2+ Kc6 51. Rc2 Bc7 52. Bf2 Bd6 53.
Bg1 Rd3 54. Bf2 Kd5 0-1

[Event "European Club Cup 2006"]
[Site "Fuegen AUT"]
[Date "2006.10.13"]
[Round "6.106"]
[White "Limontas, Martynas"]
[Black "Bergez, Luc"]
[Result "1/2-1/2"]
[WhiteElo "2306"]
[BlackElo "2395"]
[PlyCount "123"]
[EventDate "2006.10.08"]
[EventType "team"]
[EventRounds "7"]
[EventCountry "AUT"]
[Source "lmi"]
[SourceDate "2006.10.08"]

1. d4 c5 2. d5 e6 3. c4 exd5 4. cxd5 d6 5. Nc3 Be7 6. e4 Bf6 7. Qa4+ Nd7 8. Bf4
Bxc3+ 9. bxc3 Qe7 10. Bd3 Ngf6 11. Ne2 O-O 12. f3 Nh5 13. Bg3 Nxg3 14. hxg3 Ne5
15. Qd1 Nxd3+ 16. Qxd3 f5 17. Rh4 Bd7 18. Kf2 g5 19. Rh6 fxe4 20. Qe3 Bg4 21.
Rah1 Bxf3 22. Ke1 Bxe2 23. Rxh7 Qe5 24. Rh8+ Kf7 25. R1h7+ Ke8 26. Rxf8+ Kxf8
27. Kxe2 Qf6 28. Rxb7 Re8 29. g4 Kg8 30. Qh3 e3 31. Qh7+ Kf8 32. Qf5 Qxf5 33.
gxf5 Re5 34. g4 a5 35. Ra7 Re4 36. Rxa5 Rxg4 37. Kxe3 Rg3+ 38. Kd2 Rf3 39. Ra6
Ke7 40. c4 g4 41. Ra8 Rxf5 42. Ke3 Rg5 43. Kf2 g3+ 44. Kg2 Rg4 45. a4 Rxc4 46.
a5 Ra4 47. Kxg3 Kf6 48. Re8 Kf5 49. Re6 c4 50. Kf3 Rxa5 51. Rxd6 Ke5 52. Rd8
Kd4 53. Ke2 Ra2+ 54. Ke1 c3 55. d6 Ra1+ 56. Ke2 Ra2+ 57. Ke1 Kd3 58. Rc8 Ra7
59. d7 Rxd7 60. Kd1 Rd6 61. Kc1 Rd5 62. Rc7 1/2-1/2

[Event "European Club Cup 2006"]
[Site "Fuegen AUT"]
[Date "2006.10.13"]
[Round "6.107"]
[White "Le Quang, Kim"]
[Black "Chocenka, Dmitrijus"]
[Result "1-0"]
[WhiteElo "2305"]
[BlackElo "2272"]
[PlyCount "69"]
[EventDate "2006.10.08"]
[EventType "team"]
[EventRounds "7"]
[EventCountry "AUT"]
[Source "lmi"]
[SourceDate "2006.10.08"]

1. c4 Nf6 2. g3 g6 3. Bg2 Bg7 4. Nc3 e5 5. e4 O-O 6. Nge2 Nc6 7. O-O d6 8. d3
Ng4 9. Nd5 f5 10. f3 Nh6 11. Bd2 Nf7 12. b4 Ne7 13. Qb3 c6 14. Nxe7+ Qxe7 15.
a4 Be6 16. b5 c5 17. exf5 gxf5 18. Rae1 Nh8 19. f4 Rad8 20. Nc3 Ng6 21. Nd5
Bxd5 22. Bxd5+ Kh8 23. Qd1 Qd7 24. Qf3 Rb8 25. Kh1 exf4 26. gxf4 Ne7 27. Be6
Qc7 28. Rg1 Bd4 29. Be3 Bc3 30. Re2 Rf6 31. Bc1 b6 32. Rg5 Qb7 33. Qxb7 Rxb7
34. Bd5 Rc7 35. Rxe7 1-0

[Event "European Club Cup 2006"]
[Site "Fuegen AUT"]
[Date "2006.10.13"]
[Round "6.113"]
[White "Jelling, Erik"]
[Black "Wiersma, Eelke"]
[Result "1-0"]
[WhiteElo "2393"]
[BlackElo "2414"]
[PlyCount "65"]
[EventDate "2006.10.08"]
[EventType "team"]
[EventRounds "7"]
[EventCountry "AUT"]
[Source "lmi"]
[SourceDate "2006.10.08"]

1. d4 f5 2. Nf3 Nf6 3. c4 g6 4. g3 Bg7 5. Bg2 O-O 6. O-O d6 7. Nc3 Qe8 8. d5 a5
9. Nd4 Na6 10. b3 Bd7 11. Bb2 g5 12. e3 f4 13. exf4 gxf4 14. Ne6 Bxe6 15. dxe6
c6 16. Qe2 Nc5 17. Na4 Nxa4 18. bxa4 c5 19. Rab1 Rb8 20. Bc1 fxg3 21. fxg3 b6
22. Rb3 Qg6 23. Bf3 Ne8 24. Kg2 Bd4 25. Bh5 Qg7 26. Rf7 Qe5 27. Qg4+ Ng7 28.
Bh6 Rxf7 29. exf7+ Kh8 30. Rxb6 Rf8 31. Rc6 Qe1 32. Bxg7+ Bxg7 33. Rc7 1-0

[Event "European Club Cup 2006"]
[Site "Fuegen AUT"]
[Date "2006.10.13"]
[Round "6.114"]
[White "Bosman, Michiel"]
[Black "Christensen, Tobias"]
[Result "0-1"]
[WhiteElo "2339"]
[BlackElo "2349"]
[PlyCount "80"]
[EventDate "2006.10.08"]
[EventType "team"]
[EventRounds "7"]
[EventCountry "AUT"]
[Source "lmi"]
[SourceDate "2006.10.08"]

1. e4 c5 2. Nf3 d6 3. c3 Nf6 4. Qc2 Nc6 5. d4 cxd4 6. cxd4 d5 7. e5 Ne4 8. Nc3
g6 9. Bd3 Nxc3 10. bxc3 Bg4 11. Qe2 Bg7 12. Rb1 Qd7 13. h3 Bxf3 14. Qxf3 O-O
15. O-O Rac8 16. Rb5 Rfd8 17. Re1 b6 18. a4 Na5 19. Bb1 e6 20. Bg5 Re8 21. h4
Rc4 22. h5 Rec8 23. Qf4 Rxa4 24. Rb2 Nc4 25. Rbe2 Na3 26. Bf6 Bf8 27. Bd3 Rxc3
28. Re3 Nc2 29. Bxc2 Rxc2 30. Rh3 Rcc4 31. Rd1 Ra3 32. Rh4 Qa4 33. Qg4 Ra1 34.
Rxa1 Qxa1+ 35. Kh2 Rc6 36. Qh3 Qc1 37. g3 Qe1 38. Kg2 Rc2 39. Rf4 Rc1 40. Kf3
Qd1+ 0-1